LDR 01153naa#a2200193#i#450# 001 RU\\bibl\20282 005 20260701204341.3 100 ## _a20260630b2026####ek#y0rusy0150####ca 102 ## _aRU 200 1# _aИССЛЕДОВАНИЕ СОВРЕМЕННЫХ АНАЛОГОВ ДЛЯ РАЗРАБОТКИ ИНФОРМАЦИОННОЙ СИСТЕМЫ УПРАВЛЕНИЯ ДОКУМЕНТООБОРОТОМ ПРЕДПРИЯТИЯ «АВТОБАЗА ПОЧТЫ» _eСтатья/тезисы конференции 210 1# _aВоронеж _cВоронежский государственный лесотехнический университет имени Г.Ф. Морозова _d2026 215 ## _a8 с. 608 ## _aСтатья/тезисы конференции _2local 675 ## _aИнформационные технологии. Компьютерные технологии. Теория вычислительных машин и систем. 004 _z 700 #1 _aСпиридонов _gМ. С. 700 #1 _aСазонова _gС. А. 700 #1 _aАсминин _gВиктор Федорович 700 #1 _aГорюнов _gВ. А. 856 4# _abibl.vgltu.ru _u